Őseinket hogy hozád? Erdélyi István, Kristó Gyula és Révész László a magyar honfoglalás vitás kérdéseiről

Elmentve itt :
Bibliográfiai részletek
Szerző: Markó András
További közreműködők: Erdélyi István
Kristó Gyula
Révész László
Dokumentumtípus: Cikk
Megjelent: Miskolci Egyetem Miskolc 1997
Sorozat:Gesta 1 No. 1
Kulcsszavak:Magyarország történelme – interjú, Honfoglalás
Online Access:http://misc.bibl.u-szeged.hu/48039
LEADER 00843nab a2200229 i 4500
001 misc48039
005 20211025161050.0
008 200423s1997 hu o 0|| hun d
022 |a 1417–2569 
040 |a SZTE Miscellanea Repozitórium  |b hun 
041 |a hun 
100 1 |a Markó András 
245 1 0 |a Őseinket hogy hozád? Erdélyi István, Kristó Gyula és Révész László a magyar honfoglalás vitás kérdéseiről  |h [elektronikus dokumentum] /  |c  Markó András 
260 |a Miskolci Egyetem  |b Miskolc  |c 1997 
300 |a 64-69 
490 0 |a Gesta  |v 1 No. 1 
561 |a Kristó Gyula újságkivágatok 
695 |a Magyarország történelme – interjú, Honfoglalás 
700 0 1 |a Erdélyi István 
700 0 1 |a Kristó Gyula 
700 0 1 |a Révész László 
856 4 0 |u http://misc.bibl.u-szeged.hu/48039/1/082.pdf  |z Dokumentum-elérés